| 000 | 00947nam a22002057a 4500 | ||
|---|---|---|---|
| 999 |
_c2392 _d2392 |
||
| 003 | AR-CdUCM | ||
| 008 | 190304b ||||| |||| 00| 0 spa d | ||
| 040 |
_aMUNICIPALIDAD PROVINCIAL DEL CUSCO _cBIBLIOTECA MUNICIPAL DEL CUSCO |
||
| 082 |
_a985.61 / _bP28 |
||
| 110 |
_aCentro Guaman Poma Cusco _98589 |
||
| 245 |
_aPatrimonio y mágico territorio : _bGuía del Valle de Cusco: San Jerónimo, Saylla, Oropesa y Lucre / |
||
| 260 |
_aCusco : _bGuaman Poma de Ayala Centro de Educación y Comunicación, _c2002. |
||
| 300 |
_a146 páginas : _bilustraciones, laminas, mapas, _c21x24 cm. |
||
| 505 | _aContenido: Valle Sur de Cusco: el tiempo como recurso para el desarrollo -- San Jerónimo y la apertura de un mundo -- Saylla y el dominio del valle -- Oropesa: museo territorio -- Lucre: la tradición del obraje. | ||
| 650 |
_aHistoria _9136 |
||
| 650 |
_aValle Sur _98590 |
||
| 650 |
_aCusco - Perú _94115 |
||
| 942 |
_2ddc _cLIBROS |
||
| 945 | _aachl | ||